000 00534nam a22001817a 4500
003 CEME
005 20210628202605.0
008 210122b xxu||||| |||| 00| 0 eng d
020 _a81-204-1591-4
040 _c.
082 _a624.154 WOO
100 _aWoods, Richard .D Sharma, V.M
_960633
245 _a Dynamic effects of pile installation on adjacent structures
260 _aNEW DELHI
_bOXFORD
_c2004
300 _aXV,164 P
650 _aDYNAMIC EFFECTS OF PILE INSTALLATION ON ADJACENT STRUCTURES
_960634
942 _cBK
_2ddc
999 _c570317
_d570317